000 00483nam a2200169Ia 4500
999 _c20055
_d20055
003 OSt
005 20200629113905.0
008 190216s9999||||xx |||||||||||||| ||und||
020 _a0500050163
040 _coclc
082 _a938
_bSCH/A
100 _aSchoder, Raymond V
_93302
245 0 _aAncient Greece From The Air /
_cRaymond V Schoder
260 _bThames And Hudson,
_c1974.
_aLondon:
300 _a256p
942 _cBK
_2ddc
_h938
_iSCH/A
_k938
_mSCH/A